CA Osasuna Squad 2024-2025 - Statistics

General Stats
  • This quiz has been taken 190 times
    176 since last reset
  • The average score is 18 of 26
Answer Stats
# Position Nation Player % Correct
17 FW Croatia Ante Budimir
98%
14 FW Spain Rubén García
88%
9 FW Spain Raúl García
86%
4 DF Spain Unai García
86%
1 GK Spain Sergio Herrera
84%
10 MF Spain Aimar Oroz
78%
13 GK Spain Aitor Fernández
77%
7 MF Spain Jon Moncayola
76%
6 MF Spain Lucas Torró
76%
19 FW Spain Bryan Zaragoza
75%
12 DF Spain Jesús Areso
75%
16 FW Spain Moi Gómez
75%
- Coach Spain Vicente Moreno
73%
3 DF Spain Juan Cruz
72%
22 DF Cameroon Enzo Boyomo
71%
24 DF Spain Alejandro Catena
69%
23 DF Spain Abel Bretones
61%
5 DF Spain Jorge Herrando
61%
11 FW Spain Kike Barja
61%
8 MF Spain Pablo Ibáñez
59%
15 DF Spain Rubén Peña
59%
18 MF Spain Iker Muñoz
55%
2 DF Spain Nacho Vidal
54%
20 FW Spain José Manuel Arnáiz
46%
27 FW Spain Iker Benito
39%
21 MF Spain Javi Martínez
37%
No matching quizzes found
Score Distribution
Percent of People with Each Score
Percentile by Number Answered
Your Score History
You have not taken this quiz since the last reset